La réponse est une station du métro parisien II - Statistiques

Statistiques générales
  • Ce quiz a été pris 155 fois
  • Le résultat moyen est 12 sur 20
Statistiques - réponses
Indice Réponse Lignes % Correct
...., Egalité, Fraternité Liberté 8
98%
Pas de nouvelle : ... Bonne nouvelle 8 - 9
97%
Père de Zadig et de Candide Voltaire 9
78%
Edifice gorgé d'eau Chateau d'eau 4
76%
Celle d'Elizabeth est particulièrement connue Couronnes 2
74%
Prix pour un grand écrivian Goncourt 11
74%
Père des mousquetaires Alexandre Dumas 2
71%
Capital européenne et de noël Strasbourg - Saint Denis 4-8-9
68%
Wall street notamment Bourse 3
66%
Résidence de Donald Maison blanche 7
60%
Outil du fermier La fourche 13
58%
Eau qui sert à tuer la moisissure Javel André 10
50%
Pont parisien cher à Apollinaire Mirabeau 10
46%
Celui qui proclama la IIIè république Gambetta 3 - 3b
45%
Des coquilles qui sortent de la mer Saint Jacques 6
45%
Port qui n'est ni de pêche, ni de commerce Plaisance 13
44%
Ils acceptent de leur plein gré Volontaires 12
43%
Le poinçonneur de la RATP Serge Gainsbourg 11
25%
Entrée flamboyante Porte dorée 8
18%
Autre nom donné à l'armée française à partir de 1872 La muette 9
16%
Aucun quiz correspondant
Distribution des résultats
% des personnes avec chaque résultat
Percentile par nombre de réponses
Votre historique - résultats
Vous n’avez pas pris ce quiz